Celebrities real name - Statistics

General Stats
  • This quiz has been taken 20 times
  • The average score is 5 of 11
Answer Stats
Hint Answer % Correct
Marshall Bruce Mathers III Eminem
100%
Stephanie Germanotta Lady Gaga
94%
Curtis James Jackson 50 Cent
71%
Paul David Hewson Bono
65%
Reginald Kenneth Dwight Elton John
59%
Peter Eugene Hernandez Bruno Mars
47%
Calvin Cordozar Broadus, Jr. Snoop Dogg
47%
Benito Antonio Martinez Ocasio Bad Bunny
29%
Onika Tanya Maraj Nicky Minaj
12%
Abel Makkonen Tesfaye The Weekend
6%
Alioune Thiam Akon
0%
No matching quizzes found
Score Distribution
Percent of People with Each Score
Percentile by Number Answered
Your Score History
You have not taken this quiz